Bob's Burgers Trivia - Statistics

General Stats
  • This quiz has been taken 130 times
  • The average score is 5 of 10
Answer Stats
Hint Answer % Correct
What instrument does Gene usually carry around? Keyboard
87%
The Belchers's landlord, Mr. Fischoeder sports what accessory on his face? Eye patch
86%
What is the name of Tina's imaginary horse? Jericho
65%
How much does Bob's "Burger of the Day" cost? 5.95
63%
What mustachioed actor is Linda's celebrity crush? Tom Selleck
59%
What game show do the Belchers and the Pestos go on? Family Fracas
55%
What is the name for the Brazilian dance fighting that Jairo teaches? Capoeira
45%
What store does Edith and Harold own? Reflections
36%
What movie was Teddy in and credited as "Handsome Lifeguard #3"? The Deepening
30%
What name does Louise give to her class's pet chinchilla? Shinobu
23%
No matching quizzes found
Score Distribution
Percent of People with Each Score
Percentile by Number Answered
Your Score History
You have not taken this quiz